01281 2200433 4500001002100000005001500021035002000036007000300056008004100059020002200100082001400122084001600136100002700152245009100179250003400270300005100304650001200355700002800367700002200395700002800417264004600445336002100491337003000512338002300542040002200565090002200587090001800609850001200627999002200639990002200661990002000683990002000703990002000723990002200743990002000765990002000785990002200805990002000827INLIS00000000088663820250616101253 a0010-0524000469ta240520s2023 yoia b 1 ind d a978-623-164-250-904223a398.2 a398.2 KAR d0 aKarina, KakePengarang10aDongeng legenda Nusantara /cKak Karina, Imas Ajriani, Umayah; penyunting, Obed Junior aCetakan Pertama: Oktober 2023 avi, 186 halaman :bilustrasi berwarna ;c27 cm 4aDongeng0 aImas AjrianiePengarang0 aUmayahePengarang0 aObed JuniorePenyunting31aYogyakarta :bAnak Hebat Indonesia,c2023 2rdacontentateks 2rdamediaatanpa perantara 2rdacarrieravolume aYOPDYOGbinderda aCB-D.11 2023-5030 aK 398.2 KAR d aYOPDYOG aCB-D.11/2023-5030 aCB-D.11/2023-5030 a48900-PD/B.2025 a48901-PD/B.2025 a48901-PD/B.2025 aCB-D.11/2023-5030 a48900-PD/B.2025 a48901-PD/B.2025 aCB-D.11/2023-5030 a48900-PD/B.2025